Entrepreneurial failure / (Record no. 19425)
[ view plain ]
| 000 -LEADER | |
|---|---|
| fixed length control field | 00858cam a22002535a 4500 |
| 001 - CONTROL NUMBER | |
| control field | 17764714 |
| 005 - DATE AND TIME OF LATEST TRANSACTION | |
| control field | 20201128021253.0 |
| 008 - FIXED-LENGTH DATA ELEMENTS--GENERAL INFORMATION | |
| fixed length control field | 130605t2013 enkadk frb 000 0 eng d |
| 020 ## - INTERNATIONAL STANDARD BOOK NUMBER | |
| International Standard Book Number | 9781781954454 (hbk.) |
| 020 ## - INTERNATIONAL STANDARD BOOK NUMBER | |
| International Standard Book Number | 1781954453 (hbk.) |
| 040 ## - CATALOGING SOURCE | |
| Original cataloging agency | DLC |
| Language of cataloging | eng |
| Transcribing agency | DLC |
| Modifying agency | EG-ScBUE |
| -- | EG-ScBUE |
| 082 04 - DEWEY DECIMAL CLASSIFICATION NUMBER | |
| Classification number | 658.421 |
| Item number | ENT |
| Edition number | 22 |
| 245 00 - TITLE STATEMENT | |
| Title | Entrepreneurial failure / |
| Statement of responsibility, etc | edited by Dean A. Shepherd. |
| 260 ## - PUBLICATION, DISTRIBUTION, ETC. (IMPRINT) | |
| Place of publication, distribution, etc | Cheltenham ; |
| -- | Massachusetts : |
| Name of publisher, distributor, etc | Edward Elgar Publishing Limited, |
| Date of publication, distribution, etc | c.2013. |
| 300 ## - PHYSICAL DESCRIPTION | |
| Extent | xxi, 757 p. : |
| Other physical details | charts, forms, tables ; |
| Dimensions | 25 cm. |
| 490 0# - Series Statement | |
| Series statement | International library of entrepreneurship ; |
| Volume/sequential designation | 28 |
| 504 ## - BIBLIOGRAPHY, ETC. NOTE | |
| Bibliography, etc | Includes bibliographical references. |
| 650 #7 - SUBJECT ADDED ENTRY--TOPICAL TERM | |
| Topical term or geographic name as entry element | Entrepreneurship. |
| Source of heading or term | BUEsh |
| 9 (RLIN) | 240 |
| 650 #0 - SUBJECT ADDED ENTRY--TOPICAL TERM | |
| Topical term or geographic name as entry element | Business failures. |
| Source of heading or term | BUEsh |
| 651 ## - SUBJECT ADDED ENTRY--GEOGRAPHIC NAME | |
| Source of heading or term | BUEsh |
| 653 ## - INDEX TERM--UNCONTROLLED | |
| Resource For college | BAEPS, Business Administration |
| Arrived date list | May2015 |
| 700 1# - ADDED ENTRY--PERSONAL NAME | |
| Personal name | Shepherd, Dean A., |
| Relator term | editor. |
| 942 ## - ADDED ENTRY ELEMENTS (KOHA) | |
| Source of classification or shelving scheme | Dewey Decimal Classification |
| Withdrawn status | Item status | Source of classification or shelving scheme | Damaged status | Not for loan | Vendor | Home library | Current library | Shelving location | Date acquired | Source of acquisition | Cost, normal purchase price | Serial Enumeration / chronology | Total Checkouts | Total Renewals | Full call number | Barcode | Date last seen | Date last borrowed | Cost, replacement price | Koha item type |
|---|---|---|---|---|---|---|---|---|---|---|---|---|---|---|---|---|---|---|---|---|
| Lost & Replaced | Dewey Decimal Classification | Baccah | Central Library | Central Library | First floor | 25/05/2015 | Purchase | 2300.00 | 22487 | 3 | 31 | 658.421 ENT | 000038304 | 07/12/2016 | 07/12/2016 | 2875.00 | Book - Borrowing | |||
| Dewey Decimal Classification | Baccah | Central Library | Central Library | First floor | 09/07/2019 | Purchase | 1 | 4 | 658.421 ENT | 000047971 | 15/07/2025 | 06/07/2021 | Book - Borrowing |